Electrical communication

Na minha lista:
Detalhes bibliográficos
Formato: Livro
Idioma:Undetermined
Publicado em: New York International Western Electric Co. 1982
Assuntos:
Tags: Adicionar Tag
Sem tags, seja o primeiro a adicionar uma tag!
Thư viện lưu trữ: Trung tâm Học liệu Trường Đại học Cần Thơ
LEADER 00488nam a2200181Ia 4500
001 CTU_86653
008 210402s9999 xx 000 0 und d
082 |a 621.38 
082 |b E37 
245 0 |a Electrical communication 
245 0 |c Lester A. Gimpelson...[et al.] 
260 |a New York 
260 |b International Western Electric Co. 
260 |c 1982 
650 |a Telephone 
650 |x Periodicals 
904 |i Năm 
980 |a Trung tâm Học liệu Trường Đại học Cần Thơ